000 01131nam a2200301 a 4500
001 1364
003 BR-CuiBMT
005 20231210030542.0
008 231101s2014 rjba 000 0 por d
020 _a9788564878198
040 _aBR-CuiBMT
_cBR-CuiBMT
080 _a336.14
_x(81)
_22007
090 _a336.14(81)
_bO64
245 0 2 _aO orçamento público dos brasileiros :
_bpor que ele não desperta maior interesse? /
_cFernando Rezende, Armando Cunha ; organizador Cesar Cunha Campos.
260 _aRio de Janeiro :
_bFGV,
_c2014.
300 _a63 p. :
_bil. ;
_c26 cm
490 1 _aColeção FGV projetos ;
_vv. 20
650 _aDespesas públicas
_xPrevisão
650 _aFinanças públicas
_vLegislação
_zBrasil
650 _aAdministração pública
_zBrasil
650 _aOrçamento público
_zBrasil
700 1 _aCampos, Cesar Cunha
_eorg.
700 1 _aCunha, Armando
_eautor
700 1 _aRezende, Fernando
_eautor
830 0 _aFGV projetos ;
_v20
856 4 _uhttps://fgvprojetos.fgv.br/sites/fgvprojetos.fgv.br/files/orcamento_dos_brasileiros.pdf
_yDisponível também online.
_909/12/2023
942 _2udc
_cLV
999 _c1364
_d1364